00492 2200193 4500001002100000005001500021008004100036020002200077035001900099041000700118082000800125090001400133100002000147245002400167250001000191260004200201300003300243650002200276INLIS00000000000725320241224113436241224||||||||| | ||| |||| || |  a978-979-22-8309-9 0010-1224007253 aid0 a153 a153 STE t0 aStephen R.Covey00aThe 3rd Alternative aCet.3 aJakartabGramedia Pustaka Utamac2012 aix, 565 hlm.; ilus.: 22,8 cm 0aPengembangan Diri